| 000 | 01038nam a2200241 a 4500 | ||
|---|---|---|---|
| 001 | BRCA_8780 | ||
| 005 | 20190320210416.0 | ||
| 008 | 040417s1733----sp-#######---#000-0#spa-# | ||
| 041 | _aspa | ||
| 044 | _asp | ||
| 084 |
_aBE149 _b.L69 1733 |
||
| 100 | 1 |
_aLozano, Christobal _d1609 - 1667 _921879 |
|
| 245 | 1 | 0 |
_aTercera parte del grande hijo de David, Christo señor nuestro _bhistoria evangelica, y sagrada, adornada de varias, y admirable historias, dulces exemplos, para gobierno de la vida christiana _cescriviola en parte, el doctor Don Christoval Lozano; y la prosigue el doctor Don Gaspar Lozano su sobrino... |
| 260 |
_aMadrid _bEn la Imprenta de Manuel Roman _c1733 |
||
| 300 |
_a[12], 295 p. _c21.4 x 14.5 cm. |
||
| 500 | _aCon licencia | ||
| 500 | _aEstado físico: presenta encuadernación en pergamino, con cintas rotas y lomo semi desprendido | ||
| 650 | 1 | 4 |
_aJesucristo _yObras anteriores a 1800 _921880 |
| 700 | 1 |
_aLozano, Gaspar _921881 |
|
| 700 | 1 |
_aRoman, Manuel _eImpresor _921882 |
|
| 902 | _aCFM | ||
| 942 |
_2lcc _cB |
||
| 999 |
_c8431 _d8431 |
||